<?xml version="1.0" encoding="UTF-8"?><marc:collection xmlns:marc="http://www.loc.gov/MARC21/slim">
  <marc:record>
    <marc:leader>02782nas a2200649 c 4500</marc:leader>
    <marc:controlfield tag="001">010005919</marc:controlfield>
    <marc:controlfield tag="003">DE-101</marc:controlfield>
    <marc:controlfield tag="005">20250709213304.0</marc:controlfield>
    <marc:controlfield tag="007">tu</marc:controlfield>
    <marc:controlfield tag="008">991118c19109999gw z||p|  ||| 0||||1ger c</marc:controlfield>
    <marc:datafield tag="015" ind1=" " ind2=" ">
      <marc:subfield code="a">75,A11,0622</marc:subfield>
      <marc:subfield code="2">dnb</marc:subfield>
    </marc:datafield>
    <marc:datafield tag="016" ind1="7" ind2=" ">
      <marc:subfield code="2">DE-600</marc:subfield>
      <marc:subfield code="a">694-4</marc:subfield>
    </marc:datafield>
    <marc:datafield tag="016" ind1="7" ind2=" ">
      <marc:subfield code="2">DE-101</marc:subfield>
      <marc:subfield code="a">010005919</marc:subfield>
    </marc:datafield>
    <marc:datafield tag="022" ind1=" " ind2=" ">
      <marc:subfield code="a">0005-3856</marc:subfield>
    </marc:datafield>
    <marc:datafield tag="022" ind1=" " ind2=" ">
      <marc:subfield code="a">0005-3856</marc:subfield>
      <marc:subfield code="2">6</marc:subfield>
    </marc:datafield>
    <marc:datafield tag="035" ind1=" " ind2=" ">
      <marc:subfield code="a">(DE-599)ZDB694-4</marc:subfield>
    </marc:datafield>
    <marc:datafield tag="035" ind1=" " ind2=" ">
      <marc:subfield code="a">(OCoLC)643582099</marc:subfield>
    </marc:datafield>
    <marc:datafield tag="040" ind1=" " ind2=" ">
      <marc:subfield code="a">9001</marc:subfield>
      <marc:subfield code="b">ger</marc:subfield>
      <marc:subfield code="c">DE-101</marc:subfield>
      <marc:subfield code="d">9999</marc:subfield>
    </marc:datafield>
    <marc:datafield tag="041" ind1=" " ind2=" ">
      <marc:subfield code="a">ger</marc:subfield>
    </marc:datafield>
    <marc:datafield tag="042" ind1=" " ind2=" ">
      <marc:subfield code="a">zdb</marc:subfield>
    </marc:datafield>
    <marc:datafield tag="044" ind1=" " ind2=" ">
      <marc:subfield code="c">XA-DE</marc:subfield>
    </marc:datafield>
    <marc:datafield tag="082" ind1="7" ind2="4">
      <marc:subfield code="a">300</marc:subfield>
      <marc:subfield code="a">390</marc:subfield>
      <marc:subfield code="q">DE-101</marc:subfield>
      <marc:subfield code="2">22sdnb</marc:subfield>
    </marc:datafield>
    <marc:datafield tag="083" ind1="7" ind2=" ">
      <marc:subfield code="a">390</marc:subfield>
      <marc:subfield code="q">DE-600</marc:subfield>
      <marc:subfield code="2">22sdnb</marc:subfield>
    </marc:datafield>
    <marc:datafield tag="084" ind1=" " ind2=" ">
      <marc:subfield code="a">SKA</marc:subfield>
      <marc:subfield code="q">DE-11</marc:subfield>
      <marc:subfield code="2">fid</marc:subfield>
    </marc:datafield>
    <marc:datafield tag="084" ind1=" " ind2=" ">
      <marc:subfield code="a">LA 1000</marc:subfield>
      <marc:subfield code="2">rvk</marc:subfield>
    </marc:datafield>
    <marc:datafield tag="222" ind1=" " ind2="0">
      <marc:subfield code="a">Baessler-Archiv</marc:subfield>
    </marc:datafield>
    <marc:datafield tag="245" ind1="0" ind2="0">
      <marc:subfield code="a">Baessler-Archiv</marc:subfield>
      <marc:subfield code="b">Kulturen und Künste der Welt</marc:subfield>
      <marc:subfield code="c">hrsg. im Auftrag von Staatliche Museen zu Berlin, Museen Dahlem, Kunst und Kulturen der Welt, Ethnologisches Museum</marc:subfield>
    </marc:datafield>
    <marc:datafield tag="246" ind1="1" ind2=" ">
      <marc:subfield code="i">Nebent.:</marc:subfield>
      <marc:subfield code="a">Arthur-Baessler-Archiv</marc:subfield>
    </marc:datafield>
    <marc:datafield tag="247" ind1="0" ind2="0">
      <marc:subfield code="a">Beiträge zur Ethnologie</marc:subfield>
      <marc:subfield code="f">Zusatz anfangs</marc:subfield>
    </marc:datafield>
    <marc:datafield tag="264" ind1="3" ind2="1">
      <marc:subfield code="a">Berlin</marc:subfield>
      <marc:subfield code="b">Reimer</marc:subfield>
      <marc:subfield code="c">1910-</marc:subfield>
    </marc:datafield>
    <marc:datafield tag="264" ind1="2" ind2="1">
      <marc:subfield code="3">anfangs</marc:subfield>
      <marc:subfield code="a">Leipzig</marc:subfield>
      <marc:subfield code="a">Berlin</marc:subfield>
      <marc:subfield code="b">Teubner</marc:subfield>
    </marc:datafield>
    <marc:datafield tag="336" ind1=" " ind2=" ">
      <marc:subfield code="a">Text</marc:subfield>
      <marc:subfield code="b">txt</marc:subfield>
      <marc:subfield code="2">rdacontent</marc:subfield>
    </marc:datafield>
    <marc:datafield tag="337" ind1=" " ind2=" ">
      <marc:subfield code="a">ohne Hilfsmittel zu benutzen</marc:subfield>
      <marc:subfield code="b">n</marc:subfield>
      <marc:subfield code="2">rdamedia</marc:subfield>
    </marc:datafield>
    <marc:datafield tag="338" ind1=" " ind2=" ">
      <marc:subfield code="a">Band</marc:subfield>
      <marc:subfield code="b">nc</marc:subfield>
      <marc:subfield code="2">rdacarrier</marc:subfield>
    </marc:datafield>
    <marc:datafield tag="362" ind1="0" ind2=" ">
      <marc:subfield code="a">1.1910/11 - 23.1940; 24.1942 - 25.1943; N.F. 1=26.1952 - 48=73.2000; 49.2001(2003) -</marc:subfield>
    </marc:datafield>
    <marc:datafield tag="363" ind1="0" ind2="0">
      <marc:subfield code="8">1.1\x</marc:subfield>
      <marc:subfield code="a">1</marc:subfield>
      <marc:subfield code="i">1910/11</marc:subfield>
    </marc:datafield>
    <marc:datafield tag="363" ind1="1" ind2="0">
      <marc:subfield code="8">1.2\x</marc:subfield>
      <marc:subfield code="a">23</marc:subfield>
      <marc:subfield code="i">1940</marc:subfield>
    </marc:datafield>
    <marc:datafield tag="363" ind1="0" ind2="0">
      <marc:subfield code="8">2.1\x</marc:subfield>
      <marc:subfield code="a">24</marc:subfield>
      <marc:subfield code="i">1942</marc:subfield>
    </marc:datafield>
    <marc:datafield tag="363" ind1="1" ind2="0">
      <marc:subfield code="8">2.2\x</marc:subfield>
      <marc:subfield code="a">25</marc:subfield>
      <marc:subfield code="i">1943</marc:subfield>
    </marc:datafield>
    <marc:datafield tag="363" ind1="0" ind2="0">
      <marc:subfield code="8">3.1\x</marc:subfield>
      <marc:subfield code="a">1</marc:subfield>
      <marc:subfield code="i">1952</marc:subfield>
    </marc:datafield>
    <marc:datafield tag="363" ind1="1" ind2="0">
      <marc:subfield code="8">3.2\x</marc:subfield>
      <marc:subfield code="a">48</marc:subfield>
      <marc:subfield code="i">2000</marc:subfield>
    </marc:datafield>
    <marc:datafield tag="363" ind1="0" ind2="1">
      <marc:subfield code="8">4.1\x</marc:subfield>
      <marc:subfield code="a">49</marc:subfield>
      <marc:subfield code="i">2001</marc:subfield>
    </marc:datafield>
    <marc:datafield tag="500" ind1=" " ind2=" ">
      <marc:subfield code="a">Zusatz bis Band 66: Beiträge zur Völkerkunde; Band 67 ohne Zusatz</marc:subfield>
    </marc:datafield>
    <marc:datafield tag="500" ind1=" " ind2=" ">
      <marc:subfield code="a">Repr.: New York, NY : Johnson</marc:subfield>
    </marc:datafield>
    <marc:datafield tag="550" ind1=" " ind2=" ">
      <marc:subfield code="a">Beteil. Körp. anfangs: Museum für Völkerkunde Berlin, Staatliche Museen Preußischer Kulturbesitz</marc:subfield>
    </marc:datafield>
    <marc:datafield tag="650" ind1=" " ind2="7">
      <marc:subfield code="0">(DE-588)4078931-7</marc:subfield>
      <marc:subfield code="0">https://d-nb.info/gnd/4078931-7</marc:subfield>
      <marc:subfield code="0">(DE-101)040789314</marc:subfield>
      <marc:subfield code="a">Ethnologie</marc:subfield>
      <marc:subfield code="9">rswk-swf</marc:subfield>
      <marc:subfield code="2">gnd</marc:subfield>
    </marc:datafield>
    <marc:datafield tag="655" ind1=" " ind2="7">
      <marc:subfield code="0">(DE-588)4067488-5</marc:subfield>
      <marc:subfield code="0">https://d-nb.info/gnd/4067488-5</marc:subfield>
      <marc:subfield code="0">(DE-101)040674886</marc:subfield>
      <marc:subfield code="a">Zeitschrift</marc:subfield>
      <marc:subfield code="2">gnd-content</marc:subfield>
    </marc:datafield>
    <marc:datafield tag="689" ind1="0" ind2="0">
      <marc:subfield code="0">(DE-588)4078931-7</marc:subfield>
      <marc:subfield code="0">https://d-nb.info/gnd/4078931-7</marc:subfield>
      <marc:subfield code="0">(DE-101)040789314</marc:subfield>
      <marc:subfield code="D">s</marc:subfield>
      <marc:subfield code="a">Ethnologie</marc:subfield>
    </marc:datafield>
    <marc:datafield tag="689" ind1="0" ind2=" ">
      <marc:subfield code="5">DE-101</marc:subfield>
      <marc:subfield code="5">DE-101</marc:subfield>
    </marc:datafield>
    <marc:datafield tag="710" ind1="2" ind2=" ">
      <marc:subfield code="0">(DE-588)10000578-0</marc:subfield>
      <marc:subfield code="0">https://d-nb.info/gnd/10000578-0</marc:subfield>
      <marc:subfield code="0">(DE-101)958585741</marc:subfield>
      <marc:subfield code="a">Ethnologisches Museum Berlin</marc:subfield>
      <marc:subfield code="e">Herausgebendes Organ</marc:subfield>
      <marc:subfield code="4">isb</marc:subfield>
      <marc:subfield code="2">gnd</marc:subfield>
    </marc:datafield>
    <marc:datafield tag="770" ind1="0" ind2="8">
      <marc:subfield code="i">Supplement</marc:subfield>
      <marc:subfield code="t">Baessler-Archiv / Beihefte. Beihefte</marc:subfield>
      <marc:subfield code="d">Berlin : Reimer, 1911-2008</marc:subfield>
      <marc:subfield code="w">(DE-600)503072-9</marc:subfield>
      <marc:subfield code="w">(DE-101)012630721</marc:subfield>
    </marc:datafield>
    <marc:datafield tag="776" ind1="0" ind2="8">
      <marc:subfield code="i">Erscheint auch als</marc:subfield>
      <marc:subfield code="n">Online-Ausgabe, 2020-</marc:subfield>
      <marc:subfield code="t">Baessler-Archiv</marc:subfield>
      <marc:subfield code="d">Heidelberg : arthistoricum.net, 2023-</marc:subfield>
      <marc:subfield code="h">Online-Ressource</marc:subfield>
      <marc:subfield code="x">2940-7346</marc:subfield>
      <marc:subfield code="w">(DE-600)3148006-8</marc:subfield>
      <marc:subfield code="w">(DE-101)1281031453</marc:subfield>
    </marc:datafield>
    <marc:datafield tag="776" ind1="0" ind2="8">
      <marc:subfield code="i">Elektronische Reproduktion</marc:subfield>
      <marc:subfield code="t">Baessler-Archiv</marc:subfield>
      <marc:subfield code="d">Berlin : Reimer, 1910-</marc:subfield>
      <marc:subfield code="w">(DE-600)2896685-5</marc:subfield>
      <marc:subfield code="w">(DE-101)1134998783</marc:subfield>
    </marc:datafield>
    <marc:datafield tag="850" ind1=" " ind2=" ">
      <marc:subfield code="a">DE-101a</marc:subfield>
      <marc:subfield code="a">DE-101b</marc:subfield>
    </marc:datafield>
    <marc:datafield tag="889" ind1=" " ind2=" ">
      <marc:subfield code="w">(DE-101)943419778</marc:subfield>
    </marc:datafield>
    <marc:datafield tag="925" ind1="r" ind2=" ">
      <marc:subfield code="a">ra</marc:subfield>
    </marc:datafield>
    <marc:datafield tag="932" ind1=" " ind2=" ">
      <marc:subfield code="a">eth</marc:subfield>
    </marc:datafield>
  </marc:record>
</marc:collection>
